000 00317nam a2200121Ia 4500
008 150731s2013 xx 000 0 und d
082 _a615.538
_bA 13 S
100 _aSHREE VASTAV,SELJA
245 _aAYURVEDEY PDARTH VEGAYAN VEGYAN
260 _bCHAUKHAMBHA PUB. NEW DELHI
_c2013
300 _a360
942 _2ddc
_cBK
_09
999 _c7700
_d7700